Prix Nobel de la Paix - Statistiques

Statistiques générales
  • Ce quiz a été pris 85 fois
    80 depuis la dernière actualisation
  • Le résultat moyen est 16 sur 141
Statistiques - réponses
Année Lauréat Travaux récompensés % Correct
1993 Nelson Mandela Pour leurs travaux sur la fin pacifique du régime de l'apartheid, et pour la préparation des fondations pour une nouvelle Afrique du Sud démocratique
66%
2009 Barack Obama Pour ses efforts investis dans le renforcement de la diplomatie internationale et de la coopération entre les peuples
61%
1906 Theodore Roosevelt Pour son intervention fructueuse pour mettre fin à la guerre russo-japonaise et pour son intérêt dans l'arbitrage, en ayant fourni à la cour d'arbitrage de la Haye sa première vraie affaire
51%
1926 Aristide Briand Pour les travaux sur les accords de Locarno
49%
1990 Mikhaïl Gorbatchev Président de l'Union soviétique, pour son rôle principal dans le processus de paix qui caractérise aujourd'hui une part importante de la communauté internationale
49%
1919 Woodrow Wilson Pour son rôle crucial dans la création de la Société des Nations
46%
2002 Jimmy Carter Pour ses efforts pour trouver des solutions pacifiques aux conflits internationaux, pour faire avancer la démocratie et les droits de l'Homme, et pour promouvoir le développement social et économique
44%
1917 Comité international de la Croix-Rouge Pour l'entreprise de l'énorme tâche d'essayer de protéger les droits des nombreux prisonniers de guerre de tous les camps de la Première Guerre mondiale, y compris leur droit d'établir des contacts avec leur famille
41%
1944 Comité international de la Croix-Rouge Pour le travail immense qu'il a réalisé durant la guerre au nom de l'humanité
41%
1963 Comité international de la Croix-Rouge Pour leur travail dans la protection des droits de l'Homme dans les 100 ans d'existence du CICR
41%
1963 Fédération internationale des Sociétés de la Croix-Rouge et du Croissant Rouge Pour leur travail dans la protection des droits de l'Homme dans les 100 ans d'existence du CICR
41%
1901 Henri Dunant Pour son rôle dans la fondation du Comité international de la Croix-Rouge
41%
1979 Mère Teresa Fondatrice des Missionnaires de la Charité
41%
1989 Dalaï-lama Dans sa lutte pour la libération du Tibet il s'est toujours opposé à l'usage de la violence. Il a plutôt préconisé des solutions pacifiques basées sur la tolérance et le respect mutuel afin de préserver l'héritage historique et culturel de son peuple
39%
1964 Martin Luther King, Jr. Militant pour les droits civiques, première personne dans le monde occidental à nous avoir montré qu'une lutte peut être menée sans violence
39%
1994 Yasser Arafat Pour honorer une action politique qui a appelé à un grand courage des deux camps, et qui a ouvert des opportunités pour un nouveau développement vers la fraternité au Moyen-Orient
37%
1929 Frank B. Kellogg Pour le pacte Briand-Kellogg, dont les signataires sont convenus de résoudre tous les conflits par des moyens pacifiques et ont renoncé à la guerre comme instrument de politique nationale
32%
1999 Médecins sans frontières En reconnaissance du travail humanitaire pionnier de l'organisation sur plusieurs continents
32%
1977 Amnesty International Pour la protection des droits fondamentaux des prisonniers d'opinion
29%
1965 Fonds des Nations unies pour l'enfance (UNICEF) Une organisation d'assistance internationale
29%
1994 Yitzhak Rabin Pour honorer une action politique qui a appelé à un grand courage des deux camps, et qui a ouvert des opportunités pour un nouveau développement vers la fraternité au Moyen-Orient
29%
1984 Desmond Tutu Évêque de Johannesburg ; ancien secrétaire général du Conseil des Églises d'Afrique du Sud
24%
1993 Frederik Willem de Klerk Pour leurs travaux sur la fin pacifique du régime de l'apartheid, et pour la préparation des fondations pour une nouvelle Afrique du Sud démocratique
24%
1973 Henry Kissinger Pour les accords de paix de Paris de 1973 destinés à amener un cessez-le-feu dans la guerre du Viêt Nam et un retrait des forces américaines. Lê Đức Thọ a refusé le prix.
24%
1983 Lech Wałęsa Fondateur de Solidarność ; militant pour les droits de l'Homme
24%
1978 Anouar el-Sadate Pour les accords de Camp David, qui provoquent une paix négociée entre l'Égypte et Israël
22%
1991 Aung San Suu Kyi Pour sa lutte non violente pour la démocratie et les droits de l'Homme
22%
1971 Willy Brandt Chancelier de la République fédérale d'Allemagne ; pour l'Ostpolitik d'Allemagne de l'Ouest
22%
1901 Frédéric Passy Étant l'un des principaux fondateurs de l'Union interparlementaire et aussi le principal organisateur du premier Congrès universel pour la paix
20%
1968 René Cassin Président de la Cour européenne des droits de l'Homme
20%
2012 Union européenne Pour avoir contribué pendant six décennies à l'avancement de la paix et de la réconciliation, de la démocratie et des droits de l'Homme en Europe
20%
2007 Al Gore Pour leurs efforts visant à renforcer et diffuser les connaissances sur les changements climatiques d'origine humaine, et pour jeter les bases pour les mesures qui sont nécessaires pour contrer de tels changements[Site 105]
17%
2001 Kofi Annan Pour leur travail pour un monde mieux organisé et plus pacifique
17%
1951 Léon Jouhaux Président du Comité international du Conseil européen, vice-président de la Confédération internationale des syndicats libres, vice-président de la Fédération syndicale mondiale, membre du Conseil de l'OIT, délégué aux Nations unies
17%
2014 Malala Yousafzai Pour leur lutte contre la répression des enfants et des jeunes ainsi que pour les droits de tous les enfants à l'éducation
17%
1952 Albert Schweitzer Chirurgien missionnaire ; Fondateur de Lambaréné (République de Gabon)
15%
1925 Charles G. Dawes Pour les travaux sur le Plan Dawes pour les réparations allemandes qui a été considéré comme ayant fourni le fondement économique des accords de Locarno en 1925
15%
1986 Elie Wiesel Président de la Commission présidentielle sur l’Holocauste
15%
1953 George Catlett Marshall Président général de la Croix-Rouge américaine ; Ancien secrétaire d'État et à Défense ; Délégué aux Nations unies ; Initiateur du Plan Marshall
15%
1920 Léon Bourgeois Pour sa participation dans les deux conférences de la Haye de 1899 et 1907 et pour son travail pour ce qu'était devenu la Ligue à un point tel qu'il a souvent été appelé son père spirituel
15%
1922 Fridtjof Nansen Pour son travail dans l'assistance de millions de Russes dans la lutte contre la famine et son travail pour les réfugiés en Asie mineure et en Thrace
12%
1926 Gustav Stresemann Pour les travaux sur les accords de Locarno
12%
1978 Menahem Begin Pour les accords de Camp David, qui provoquent une paix négociée entre l'Égypte et Israël
12%
1992 Rigoberta Menchú Pour son travail pour la justice sociale et pour la réconciliation ethnoculturelle basée sur le respect pour les droits des peuples indigènes
12%
1925 Sir Austen Chamberlain Pour les travaux sur les accords de Locarno
12%
1903 William Randal Cremer Pour son rôle de premier père de l'Union interparlementaire
12%
1905 Bertha von Suttner Pour avoir écrit Die Waffen Nieder! (Bas les armes !) et contribué à la création du Prix
10%
1927 Ferdinand Buisson Pour les contributions à la réconciliation populaire franco-allemande
10%
1907 Louis Renault Pour son travail en tant que premier juriste international français et membre de la Cour permanente d'arbitrage de la Haye
10%
2006 Muhammad Yunus Pour l'avancement des opportunités économiques et sociales pour les pauvres, en particulier pour les femmes, par leurs travaux pionnier du microcrédit
10%
1987 Óscar Arias Pour ses travaux pour la paix en Amérique centrale, efforts qui ont mené à l'accord d'Esquipulas signé à Guatemala le 7 août de cette année
10%
1975 Andrei Dmitrievich Sakharov Pour sa lutte pour les droits de l'Homme, pour le désarmement, et pour la coopération entre toutes les nations
7%
1936 Carlos Saavedra Lamas Pour son intervention dans la fin de la guerre du Chaco entre le Paraguay et la Bolivie
7%
2018 Denis Mukwege Pour leurs efforts pour mettre fin à l'emploi des violences sexuelles en tant qu'arme de guerre.
7%
1913 Henri La Fontaine Pour son travail en tant que leader du Bureau international de la paix
7%
1904 L'Institut de droit international Pour ses efforts en tant qu'organe officieux pour formuler les principes généraux de la science du droit international
7%
2023 Narges Mohammadi Pour son combat contre l’oppression des femmes en Iran et sa lutte pour la promotion des droits humains et la liberté pour tous
7%
1930 Nathan Söderblom Pour ses efforts pour impliquer les églises pas seulement dans le travail pour l'union œcuménique, mais aussi pour la paix mondiale
7%
1933 Sir Norman Angell Pour avoir écrit La Grande Illusion et pour avoir été un « supporter de la Société des Nations ainsi qu'un journaliste et éducateur influent pour la paix en général »
7%
2019 Abiy Ahmed Pour ses efforts afin d'instaurer la paix entre l'Éthiopie et l’Érythrée
5%
1902 Albert Gobat Pour son rôle de premier secrétaire général de l'Union interparlementaire
5%
1911 Alfred Fried Pour son travail en tant que fondateur de la Deutsche Friedensgesellschaft
5%
1909 Auguste Beernaert Pour avoir été député aux deux conférences de la Haye de 1899 et 1907, et une figure de proue dans l'Union interparlementaire
5%
1976 Betty Williams Fondatrices du Mouvement de la paix en Irlande du Nord (plus tard renommé Communauté des gens pacifiques)[
5%
1910 Bureau international de la paix Pour avoir joué le rôle de lien entre les sociétés pacifiques des différents pays
5%
1935 Carl von Ossietzky Pour sa lutte contre le réarmement allemand
5%
1921 Christian Lange Pour son travail en tant que premier secrétaire du Comité Nobel norvégien et secrétaire général de l'Union interparlementaire
5%
1945 Cordell Hull Pour son combat contre l'isolationnisme à la Maison-Blanche, ses efforts pour créer un bloc pacifique d'États sur le continent américain, et ses travaux pour l'Organisation des Nations unies
5%
1961 Dag Hammarskjöld Secrétaire général de l'ONU récompensé pour le renforcement de l'organisation
5%
1902 Élie Ducommun Pour son rôle de premier secrétaire honoraire du Bureau international de la paix
5%
1912 Elihu Root Pour son intérêt dans l'arbitrage international et pour son plan pour un tribunal mondial
5%
2011 Ellen Johnson Sirleaf Pour leur lutte non violente pour la sécurité des femmes et pour les droits des femmes à la pleine participation dans le travail de consolidation de la paix
5%
1946 Emily Greene Balch Ancienne professeur d'histoire et sociologie; Présidente d'honneur internationale de la Ligue internationale des femmes pour la paix et la liberté
5%
1907 Ernesto Teodoro Moneta Pour son travail en tant que principal leader du mouvement de la paix italienne
5%
1908 Fredrik Bajer Pour avoir été avant tout l'avocat de la paix en Scandinavie, combinant le travail dans l'Union interparlementaire tout en étant le premier président du Bureau international de la paix
5%
2007 Groupe d'experts intergouvernemental sur l'évolution du climat (GIEC) Pour leurs efforts visant à renforcer et diffuser les connaissances sur les changements climatiques d'origine humaine, et pour jeter les bases pour les mesures qui sont nécessaires pour contrer de tels changements
5%
1931 Jane Addams Pour son travail de réforme sociale et la direction de la Ligue internationale des femmes pour la paix et la liberté
5%
1997 Jody Williams Pour leur travail pour l'interdiction et la liquidation des mines antipersonnel
5%
1946 John Raleigh Mott Président du Conseil international des missionnaires ; Président de la Young Men's Christian Association
5%
1908 Klas Pontus Arnoldson Pour son travail en tant que fondateur de la Ligue de la paix suédoise et de l'arbitrage
5%
1973 Lê Đức Thọ Pour les accords de paix de Paris de 1973 destinés à amener un cessez-le-feu dans la guerre du Viêt Nam et un retrait des forces américaines. Lê Đức Thọ a refusé le prix.
5%
2010 Liu Xiaobo Pour sa lutte longue et non violente pour les droits de l'Homme fondamentaux en Chine
5%
1927 Ludwig Quidde Pour les contributions à la réconciliation populaire franco-allemande
5%
2021 Maria Ressa Pour leurs efforts envers la défense de la liberté d'expression, qui est une condition préalable à toute démocratie et à une paix durable. Maria Ressa s'appuie sur la liberté d'expression pour mettre sur la place publique les abus de pouvoir, les recours à la violence, l'autoritatisme croissant dans son pays natal, les Philippines. Dmitri Mouratov, depuis des décennies, défend la liberté d'expression en Russie dans des conditions de plus en plus difficiles.
5%
1909 Paul Henri Balluet d'Estournelles de Constant Pour le travail diplomatique combiné pour la compréhension franco-allemande et franco-britannique avec une carrière distinguée dans l'arbitrage international
5%
1937 Robert Cecil (1er vicomte Cecil de Chelwood) Pour ses travaux avec la Société des Nations
5%
2003 Shirin Ebadi Pour ses efforts pour la démocratie et les droits de l'Homme. Elle s'est particulièrement concentrée sur la lutte pour les droits des femmes et de l'enfant
5%
1911 Tobias Asser Pour avoir été un membre de la Cour d'arbitrage ainsi que l'initiateur des Conférences de droit international privé[
5%
1980 Adolfo Pérez Esquivel Directeur des droits de l'Homme . a fondé des organisations non-violentes pour les droits de l'Homme pour lutter contre la junte militaire qui gouvernait son pays
2%
1960 Albert Lutuli Président du Congrès national africain, était au tout premier plan de la lutte contre l'apartheid en Afrique du Sud
2%
1982 Alfonso García Robles Pour leur superbe travail dans les négociations de désarmement des Nations unies, où ils ont tous deux joué un rôle crucial et ont gagné la reconnaissance internationale
2%
1982 Alva Myrdal Pour leur superbe travail dans les négociations de désarmement des Nations unies, où ils ont tous deux joué un rôle crucial et ont gagné la reconnaissance internationale
2%
2021 Dmitri Mouratov Pour leurs efforts envers la défense de la liberté d'expression, qui est une condition préalable à toute démocratie et à une paix durable. Maria Ressa s'appuie sur la liberté d'expression pour mettre sur la place publique les abus de pouvoir, les recours à la violence, l'autoritatisme croissant dans son pays natal, les Philippines. Dmitri Mouratov, depuis des décennies, défend la liberté d'expression en Russie dans des conditions de plus en plus difficiles.
2%
1974 Eisaku Satō Premier ministre du Japon, pour sa renonciation de l'option nucléaire pour le Japon et ses efforts pour faire avancer la réconciliation régionale
2%
1954 Haut Commissariat des Nations unies pour les réfugiés Une organisation internationale de secours fondée par l'ONU en 1951
2%
1981 Haut Commissariat des Nations unies pour les réfugiés Une organisation internationale de secours fondée par l'ONU en 1951
2%
1996 José Ramos-Horta Pour leurs travaux en vue d'une solution juste et pacifique au conflit au Timor oriental
2%
1995 Józef Rotblat Pour leurs efforts pour diminuer le rôle joué par les armes nucléaires dans la politique internationale et, à plus long terme, pour éliminer ces armes
2%
2016 Juan Manuel Santos Pour ses efforts en faveur du processus de paix avec les FARC;
2%
2000 Kim Dae-jung Pour son travail pour la démocratie et les droits de l'Homme en Corée du Sud et en Asie orientale en général, et pour la paix et la réconciliation avec la Corée du Nord en particulier
2%
1957 Lester Bowles Pearson ancien secrétaire d'État et des Affaires étrangères du Canada ; ancien président de la 7e session de l'Assemblée générale des Nations unies ; pour son rôle dans l'essai de mettre fin à la crise du canal de Suez et de résoudre la question du Moyen-Orient au travers de l'ONU
2%
2011 Leymah Gbowee Pour leur lutte non violente pour la sécurité des femmes et pour les droits des femmes à la pleine participation dans le travail de consolidation de la paix
2%
1962 Linus Carl Pauling pour sa campagne contre les essais d'armes nucléaires
2%
1976 Mairead Corrigan Fondatrices du Mouvement de la paix en Irlande du Nord (plus tard renommé Communauté des gens pacifiques)[
2%
2022 Memorial Pour leur promotion du droit de critiquer le pouvoir et de protéger les droits fondamentaux des citoyens, et leurs efforts pour documenter les crimes de guerre, les violations des droits de l'Homme et l'abus de pouvoir
2%
2005 Mohamed el-Baradei Pour leurs efforts pour interdire l'utilisation de l'énergie nucléaire à des fins militaires et pour s'assurer que l'énergie nucléaire est utilisée à des fins pacifiques de la manière la plus sûre possible
2%
2018 Nadia Murad Pour leurs efforts pour mettre fin à l'emploi des violences sexuelles en tant qu'arme de guerre.
2%
1931 Nicholas Murray Butler Pour sa promotion du pacte Briand-Kellogg et pour son travail en tant que « leader de la partie la plus axée sur l'établissement du mouvement de la paix américaine »[
2%
2024 Nihon Hidankyo Pour ses efforts en vue d'un monde sans armes nucléaires et pour avoir démontré par des témoignages que les armes nucléaires ne doivent plus jamais être utilisées
2%
1970 Norman E. Borlaug Centre international d'amélioration du maïs et du blé ; pour ses contributions à la révolution verte qui a eu un tel impact sur la production de nourriture particulièrement en Asie et en Amérique latine
2%
2001 Organisation des Nations unies Pour leur travail pour un monde mieux organisé et plus pacifique
2%
2013 Organisation pour l'interdiction des armes chimiques (OIAC) Pour ses efforts considérables pour éliminer les armes chimiques
2%
2020 Programme alimentaire mondial Pour ses efforts de lutte contre la faim, pour sa contribution à l'amélioration des conditions de paix dans les zones touchées par les conflits et pour avoir joué un rôle moteur dans les efforts visant à empêcher l'utilisation de la faim comme arme de guerre
2%
1950 Ralph Bunche Professeur à l'université Harvard à Cambridge, dans le Massachusetts ; Directeur de la division de tutelle aux Nations unies ; Médiateur actif en Palestine en 1948
2%
2011 Tawakkol Karman Pour leur lutte non violente pour la sécurité des femmes et pour les droits des femmes à la pleine participation dans le travail de consolidation de la paix
2%
2004 Wangari Muta Maathai Pour sa contribution au développement durable, à la démocratie et à la paix
2%
2005 Agence internationale de l'énergie atomique Pour leurs efforts pour interdire l'utilisation de l'énergie nucléaire à des fins militaires et pour s'assurer que l'énergie nucléaire est utilisée à des fins pacifiques de la manière la plus sûre possible
0%
2022 Ales Bialiatski Pour leur promotion du droit de critiquer le pouvoir et de protéger les droits fondamentaux des citoyens, et leurs efforts pour documenter les crimes de guerre, les violations des droits de l'Homme et l'abus de pouvoir
0%
1947 American Friends Service Committee compassion pour les autres et le désir de les aider
0%
1934 Arthur Henderson Pour ses travaux pour la Société des Nations, particulièrement ses efforts pour le désarmement
0%
1985 Association internationale des médecins pour la prévention de la guerre nucléaire Pour informations faisant autorité et par la création d'une prise de conscience des conséquences catastrophiques d'une guerre atomique. Le comité estime que cela contribue à son tour à une augmentation de la pression de l'opposition publique face à la prolifération des armes nucléaires et à une redéfinition des priorités, avec une plus grande attention accordée à la santé et à d'autres questions humanitaires
0%
2017 Campagne internationale pour l'abolition des armes nucléaires Pour son travail pour attirer l'attention sur les conséquences humanitaires catastrophiques de quelque usage d'armes atomiques et ses efforts révolutionnaires pour arriver à une prohibition par un traité de telles armes. Au cœur des tensions diplomatiques entre les États-Unis et la Corée du Nord.
0%
1997 Campagne internationale pour l'interdiction des mines antipersonnel Pour leur travail pour l'interdiction et la liquidation des mines antipersonnel
0%
1996 Carlos Filipe Ximenes Belo Pour leurs travaux en vue d'une solution juste et pacifique au conflit au Timor oriental
0%
2022 Centre pour les libertés civiles Pour leur promotion du droit de critiquer le pouvoir et de protéger les droits fondamentaux des citoyens, et leurs efforts pour documenter les crimes de guerre, les violations des droits de l'Homme et l'abus de pouvoir
0%
1998 David Trimble Pour leurs efforts pour trouver une solution pacifique au conflit en Irlande du Nord
0%
1958 Dominique Pire Père de l'ordre des Prêcheurs ; Leader de l'organisation de secours aux réfugiés L'Europe du cœur au service du Monde
0%
1988 Force de maintien de la paix des Nations unies Pour leurs efforts qui ont apporté des contributions importantes vers la réalisation de l'un des principes fondamentaux des Nations unies
0%
1947 Friends Service Council compassion pour les autres et le désir de les aider
0%
2006 Grameen Bank Pour l'avancement des opportunités économiques et sociales pour les pauvres, en particulier pour les femmes, par leurs travaux pionnier du microcrédit
0%
1921 Hjalmar Branting Pour son travail dans la Société des Nations
0%
1949 John Boyd Orr Physiologiste; Politicien alimentaire ; Organisateur remarquable et directeur de l'Organisation des Nations unies pour l'alimentation et l'agriculture ; Président du Conseil national pour la paix et de l'Union mondiale des organisations pour la paix
0%
1998 John Hume Pour leurs efforts pour trouver une solution pacifique au conflit en Irlande du Nord
0%
2014 Kailash Satyarthi Pour leur lutte contre la répression des enfants et des jeunes ainsi que pour les droits de tous les enfants à l'éducation
0%
2008 Martti Ahtisaari Pour ses efforts sur plusieurs continents et sur plus de trois décennies, pour résoudre les conflits internationaux
0%
1995 Mouvement Pugwash Pour leurs efforts pour diminuer le rôle joué par les armes nucléaires dans la politique internationale et, à plus long terme, pour éliminer ces armes
0%
1938 Office international Nansen pour les réfugiés Pour son travail dans l'aide aux réfugiés
0%
1969 Organisation internationale du travail
0%
1959 Philip Noel-Baker Membre du Parlement ; fervent travailleur pour la paix internationale et la coopération tout au long de sa vie
0%
2015 Quartet du dialogue national Pour sa contribution décisive à l'édification d'une démocratie pluraliste en Tunisie dans le sillage de la Révolution du Jasmin en 2011
0%
1974 Seán MacBride Président du Bureau international de la paix ; président de la Commission de Namibie. Pour son fort intérêt dans les droits de l'homme: en pilotant la Convention européenne des droits de l'Homme au travers du Conseil de l'Europe, en aidant la fondation puis la direction d'Amnesty International et en servant comme secrétaire général de la Commission internationale de juristes
0%
Aucun quiz correspondant
Distribution des résultats
% des personnes avec chaque résultat
Percentile par nombre de réponses
Votre historique - résultats
Vous n’avez pas pris ce quiz depuis la dernière actualisation